[Event "Rated Blitz game"]
[Site "?"]
[Date "2021.10.03"]
[Round "?"]
[White "sharkpin"]
[Black "EEberhart"]
[Result "0-1"]
[WhiteElo "2416"]
[BlackElo "2285"]
[PlyCount "70"]
[EventDate "2021.??.??"]
[EventType "blitz"]

1. e4 e5 2. Nf3 d5 3. exd5 e4 4. Nd4 Qxd5 5. Nb3 Qe5 6. Nc3 Nf6 7. Bc4 Bd6 8.
Qe2 O-O 9. d4 exd3 10. Qxe5 Bxe5 11. Bxd3 Bxc3+ 12. bxc3 Nc6 13. O-O Be6 14.
Bg5 Nd5 15. c4 Nb6 16. c5 Nc4 17. Bf4 Rac8 18. Be4 N4a5 19. h4 f5 20. Bf3 Rfd8
21. Rfe1 Bf7 22. Re2 Bd5 23. Rd1 Bxf3 24. Rxd8+ Rxd8 25. gxf3 Rd7 26. Kg2 g6
27. Bd2 Nc4 28. Bc3 Re7 29. Rxe7 Nxe7 30. Kg3 Kf7 31. Kf4 Nd5+ 32. Kg5 Nxc3 33.
Kh6 Kg8 34. Nd4 Ne5 35. Ne6 Nf7# {Normal} 0-1

[Event "Rated Blitz game"]
[Site "?"]
[Date "2021.10.03"]
[Round "?"]
[White "ReySolis"]
[Black "KamranShirazi"]
[Result "0-1"]
[WhiteElo "2410"]
[BlackElo "2519"]
[PlyCount "58"]
[EventDate "2021.??.??"]
[EventType "blitz"]

1. e4 e5 2. Nf3 d5 3. d4 dxe4 4. Nxe5 Nd7 5. Nxd7 Bxd7 6. Nc3 Bb4 7. Bd2 Nf6 8.
Bc4 Bg4 9. Be2 Bxe2 10. Nxe2 Bd6 11. Bg5 h6 12. Bh4 O-O 13. Qd2 Re8 14. O-O-O
b5 15. Kb1 b4 16. g4 g5 17. Bxg5 hxg5 18. Qxg5+ Kh8 19. Ng3 Nh7 20. Qf5 Qf6 21.
Qd5 Rad8 22. Nf5 Ng5 23. h4 Nf3 24. g5 Qe6 25. Qb5 a6 26. Qa5 c5 27. Nh6 cxd4
28. Qxa6 Ra8 29. Qxd6 Qxa2+ {Normal} 0-1

[Event "Rated Blitz game"]
[Site "?"]
[Date "2021.10.03"]
[Round "?"]
[White "Spanyard"]
[Black "Benny_Watts_2005"]
[Result "1-0"]
[WhiteElo "2433"]
[BlackElo "2419"]
[PlyCount "87"]
[EventDate "2021.??.??"]
[EventType "blitz"]

1. e4 e5 2. Nf3 d5 3. exd5 e4 4. Qe2 Nf6 5. Nc3 Be7 6. Nxe4 O-O 7. d3 Nxd5 8.
Qd1 Re8 9. Be2 c5 10. O-O Nc6 11. c3 Bf5 12. Ng3 Bg6 13. Re1 Qc7 14. Bf1 Bf6
15. Ne4 Be7 16. g3 Rad8 17. Bg2 b6 18. Qb3 Na5 19. Qc2 Bf8 20. Bg5 f6 21. Bd2
c4 22. d4 b5 23. Nh4 Bf7 24. Re2 Nc6 25. Rae1 a5 26. Bc1 b4 27. Nf5 Be6 28. Nc5
Bxc5 29. Rxe6 Rxe6 30. Rxe6 Bf8 31. Bd2 Qd7 32. Qe4 Nce7 33. Nxe7+ Nxe7 34. h4
f5 35. Qe2 Qc7 36. Re5 g6 37. Rc5 Qb6 38. Qxc4+ Kh8 39. Bg5 bxc3 40. bxc3 Qb1+
41. Kh2 Qb6 42. Qf7 Qd6 43. Bf6+ Bg7 44. Qxg7# {Normal} 1-0

[Event "Rated Blitz game"]
[Site "?"]
[Date "2021.10.03"]
[Round "?"]
[White "Davigator"]
[Black "ALJHuNTANGz"]
[Result "1-0"]
[WhiteElo "2426"]
[BlackElo "2516"]
[PlyCount "67"]
[EventDate "2021.??.??"]
[EventType "blitz"]

1. e4 e5 2. Nf3 d5 3. Nxe5 dxe4 4. d4 Bd6 5. Nc4 Nc6 6. Be3 f5 7. g3 Nf6 8. Nc3
Be6 9. a3 h6 10. h4 Qd7 11. Qd2 O-O-O 12. O-O-O Qf7 13. d5 Nxd5 14. Nxd5 Be5
15. Nxe5 Nxe5 16. c4 c6 17. Bxa7 cxd5 18. cxd5 Bxd5 19. Qc3+ Nc6 20. Bb5 Qe6
21. Rhe1 Rd7 22. Kb1 Rhd8 23. Rc1 Ba2+ 24. Ka1 Rd3 25. Bxd3 Rxd3 26. Qxg7 Rd7
27. Qh8+ Kc7 28. Qc3 Bb3 29. Bc5 Rd3 30. Qg7+ Rd7 31. Qf8 b6 32. Bb4 Kb7 33.
Rc3 Bc4 34. Rec1 {Time forfeit} 1-0

[Event "Rated Blitz tournament VpUd48NZ"]
[Site "?"]
[Date "2021.10.03"]
[Round "?"]
[White "xadrezdapraia"]
[Black "Lur15"]
[Result "0-1"]
[WhiteElo "2409"]
[BlackElo "2406"]
[PlyCount "26"]
[EventDate "2021.??.??"]
[EventType "blitz"]

1. e4 e5 2. Nf3 d5 3. Nxe5 Bd6 4. d4 dxe4 5. Nc4 Nf6 6. Nc3 O-O 7. Bg5 Re8 8.
Be2 Nc6 9. O-O Nxd4 10. Nxd6 Qxd6 11. Bc4 Ng4 12. f4 exf3 13. g3 Qc5 {Normal}
0-1

[Event "Rated Blitz game"]
[Site "?"]
[Date "2021.10.03"]
[Round "?"]
[White "GabTabligan11th"]
[Black "Annali-annaliew1979"]
[Result "0-1"]
[WhiteElo "2413"]
[BlackElo "2404"]
[PlyCount "80"]
[EventDate "2021.??.??"]
[EventType "blitz"]

1. e4 e5 2. Nf3 d5 3. Nxe5 Qe7 4. d4 f6 5. Ng4 Nc6 6. c3 Bxg4 7. Qxg4 Qxe4+ 8.
Qxe4+ dxe4 9. Bb5 O-O-O 10. Bxc6 bxc6 11. O-O f5 12. a4 h6 13. f4 Nf6 14. h3
Bd6 15. Na3 Rhg8 16. Nc4 Rdf8 17. a5 a6 18. Ra4 Nd5 19. Nxd6+ cxd6 20. c4 Nc7
21. Be3 Kd7 22. Rd1 Rb8 23. Rd2 Rb3 24. Kf2 Rgb8 25. Ra2 R8b4 26. Rc2 d5 27. c5
Nb5 28. Rd2 Rd3 29. Rxd3 exd3 30. Bd2 Rxd4 31. Ke3 Rc4 32. b4 Nc3 33. Bxc3 Rxc3
34. Rb2 Rc4 35. g3 g5 36. fxg5 hxg5 37. Kxd3 f4 38. h4 fxg3 39. hxg5 Rg4 40.
Ke3 g2 {Normal} 0-1

[Event "Rated Blitz game"]
[Site "?"]
[Date "2021.10.03"]
[Round "?"]
[White "chessblogger"]
[Black "KinzyabulatovRenat"]
[Result "1/2-1/2"]
[WhiteElo "2458"]
[BlackElo "2457"]
[PlyCount "88"]
[EventDate "2021.??.??"]
[EventType "blitz"]

1. e4 e5 2. Nf3 d5 3. Nxe5 Bd6 4. d4 dxe4 5. Nc3 Bxe5 6. dxe5 Qxd1+ 7. Kxd1 Bf5
8. Nd5 Na6 9. Bxa6 O-O-O 10. Bc4 Ne7 11. Ke2 Nxd5 12. Bxd5 Rxd5 13. Bf4 Rhd8
14. h3 h6 15. Rhd1 g5 16. Bg3 Rxd1 17. Rxd1 Rxd1 18. Kxd1 c6 19. c3 Kd7 20. Kd2
Ke6 21. Ke3 Kd5 22. b3 b5 23. Bh2 a5 24. Bg3 a4 25. Bh2 Bc8 26. Bg3 c5 27. f3
exf3 28. Kxf3 axb3 29. axb3 b4 30. cxb4 cxb4 31. Ke3 Be6 32. Kd3 Kc5 33. Bf2+
Kb5 34. Kc2 Bd5 35. g3 h5 36. g4 hxg4 37. hxg4 Bf3 38. Be3 Bxg4 39. Bxg5 Be6
40. Be7 Bd5 41. Bd6 Be6 42. Be7 Bd5 43. Bf8 Be6 44. Be7 Bd5 {Normal} 1/2-1/2

[Event "Rated Blitz game"]
[Site "?"]
[Date "2021.10.03"]
[Round "?"]
[White "Levchik_ne_xodit"]
[Black "RiskyBlitzer"]
[Result "0-1"]
[WhiteElo "2526"]
[BlackElo "2495"]
[PlyCount "30"]
[EventDate "2021.??.??"]
[EventType "blitz"]

1. e4 e5 2. Nf3 d5 3. exd5 e4 4. Qe2 Nf6 5. Nc3 Be7 6. Nxe4 Nxd5 7. d4 O-O 8.
c4 f5 9. Nc3 Nxc3 10. bxc3 Re8 11. Bf4 Bb4 12. Be5 Bxc3+ 13. Nd2 Bxa1 14. Nb3
Bc3+ 15. Kd1 Nc6 {Normal} 0-1

[Event "Rated Blitz tournament VpUd48NZ"]
[Site "?"]
[Date "2021.10.03"]
[Round "?"]
[White "kokeatleti65"]
[Black "Lur15"]
[Result "0-1"]
[WhiteElo "2310"]
[BlackElo "2414"]
[PlyCount "52"]
[EventDate "2021.??.??"]
[EventType "blitz"]

1. e4 e5 2. Nf3 d5 3. exd5 e4 4. Qe2 Nf6 5. Nc3 Be7 6. Nxe4 O-O 7. d3 Nxd5 8.
Bd2 Re8 9. O-O-O f5 10. Nc3 Nxc3 11. Bxc3 Bg5+ 12. Nxg5 Rxe2 13. Bxe2 Qxg5+ 14.
Kb1 Be6 15. Bf3 c6 16. Rhe1 Qg6 17. Re3 Nd7 18. Rde1 Nf8 19. Bd1 f4 20. Re4 Qf7
21. g3 fxg3 22. fxg3 Re8 23. Rf4 Bxa2+ 24. Ka1 Rxe1 25. Bxe1 Qe7 26. Bc3 Bd5 {
Normal} 0-1

[Event "Rated Blitz game"]
[Site "?"]
[Date "2021.10.03"]
[Round "?"]
[White "d3rang3d"]
[Black "KinzyabulatovRenat"]
[Result "0-1"]
[WhiteElo "2503"]
[BlackElo "2421"]
[PlyCount "44"]
[EventDate "2021.??.??"]
[EventType "blitz"]

1. e4 e5 2. Nf3 d5 3. exd5 e4 4. Qe2 Nf6 5. d3 Qxd5 6. Nbd2 Nc6 7. dxe4 Qh5 8.
Qb5 Bc5 9. Be2 a6 10. Qa4 Bd7 11. Qb3 b5 12. O-O O-O 13. c3 Rfe8 14. Qc2 Rad8
15. a4 Bd6 16. axb5 axb5 17. g3 h6 18. Re1 Bg4 19. Ra6 Nb8 20. Ra5 c6 21. c4
Bb4 22. Ra7 Bxd2 {Normal} 0-1

[Event "Rated Blitz game"]
[Site "?"]
[Date "2021.10.03"]
[Round "?"]
[White "HelgeA"]
[Black "KinzyabulatovRenat"]
[Result "1-0"]
[WhiteElo "2431"]
[BlackElo "2409"]
[PlyCount "71"]
[EventDate "2021.??.??"]
[EventType "blitz"]

1. e4 e5 2. Nf3 d5 3. d4 dxe4 4. Nxe5 Bd6 5. Bf4 Nf6 6. Bc4 O-O 7. O-O Nbd7 8.
Nxd7 Bxd7 9. Bxd6 cxd6 10. Nc3 Bg4 11. Qd2 d5 12. Bb3 a6 13. Qg5 Be6 14. f3 h6
15. Qg3 Qb6 16. fxe4 Qxd4+ 17. Kh1 Nxe4 18. Nxe4 Qxe4 19. Rae1 Qh7 20. Qf3 Rad8
21. Rd1 d4 22. Bxe6 fxe6 23. Qxb7 Qxc2 24. Qxa6 Rxf1+ 25. Rxf1 Qe4 26. Qc4 Kh7
27. Rd1 e5 28. a4 Rb8 29. b4 Rf8 30. b5 Rf2 31. Rg1 Rc2 32. Qb4 Qe2 33. b6 d3
34. b7 d2 35. Qb1 d1=Q 36. Qxd1 {Normal} 1-0

[Event "Rated Blitz game"]
[Site "?"]
[Date "2021.10.03"]
[Round "?"]
[White "Sibelius_92"]
[Black "KinzyabulatovRenat"]
[Result "1-0"]
[WhiteElo "2471"]
[BlackElo "2426"]
[PlyCount "57"]
[EventDate "2021.??.??"]
[EventType "blitz"]

1. e4 e5 2. Nf3 d5 3. exd5 e4 4. Ne5 Qxd5 5. d4 exd3 6. Nxd3 Nc6 7. Nc3 Qa5 8.
Be2 Bf5 9. O-O O-O-O 10. Bd2 Nf6 11. Qe1 Nd4 12. Bd1 Bd6 13. Ne4 Qb6 14. Nxd6+
Qxd6 15. Bf4 Qd7 16. Qa5 Kb8 17. Ne5 Qd5 18. Qxd5 Nxd5 19. Be3 Nxc2 20. Bxc2
Bxc2 21. Nxf7 Nb4 22. Nxh8 Rxh8 23. Rac1 Bd3 24. Rfd1 Bb5 25. Bf4 Nd3 26. Bxc7+
Kc8 27. Rc3 b6 28. a4 Ba6 29. b4 {Normal} 1-0

[Event "Rated Blitz game"]
[Site "?"]
[Date "2021.10.03"]
[Round "?"]
[White "chess0089"]
[Black "KinzyabulatovRenat"]
[Result "0-1"]
[WhiteElo "2516"]
[BlackElo "2411"]
[PlyCount "84"]
[EventDate "2021.??.??"]
[EventType "blitz"]

1. e4 e5 2. Nf3 d5 3. Nxe5 Bd6 4. d4 dxe4 5. Nc3 Bxe5 6. dxe5 Qxd1+ 7. Kxd1 Bf5
8. Bg5 Nc6 9. Bb5 Nge7 10. Bxe7 Kxe7 11. Bxc6 bxc6 12. Re1 Rhd8+ 13. Kc1 Rd4
14. b3 Rad8 15. Kb2 Rd2 16. Nxe4 Bxe4 17. Rxe4 Rxf2 18. Rg4 g6 19. Rc1 Rdd2 20.
Ra4 Rxg2 21. Rxa7 Kd7 22. a4 Rxh2 23. a5 Kc8 24. a6 Kb8 25. Rb7+ Kc8 26. Rb4
Rd5 27. Ra1 Rc5 28. Rf4 Rhxc2+ 29. Kb1 Rc1+ 30. Kb2 R5c2+ 31. Ka3 Rxa1+ 32. Kb4
Rxa6 33. Rxf7 Kb7 34. e6 Re2 35. e7 c5+ 36. Kxc5 Rae6 37. Kb4 Rxe7 38. Kc4 Rxf7
39. Kd3 Re5 40. Kd2 Rf3 41. Kd1 Rf2 42. Kc1 Re1# {Normal} 0-1